00618nam a2200205Ia 4500003000400000005001700004008004100021020001800062040000700080041000800087082001500095100002300110245004600133260004000179300000900219650002200228942001300250999001900263952013000282OSt20250918114222.0250729s2005 xx 000 0 und d a9788188836079 cAL aeng a371.2 MACS aMacnee E A9222678 aSchool management and methods of teaching aNew DelhibSonali Publicationc2005 a292p aEducation9222679 2ddccBED c235565d235565 00104070aALbALd2025-07-29eSita Book Houseg165.00l0o371.2 MACSpBED00884r2025-07-29 16:54:06v165.00w2025-07-29yBK